Bayesian Cost-Effectiveness Analysis with the R package BCEA

The book provides a description of the process of health economic evaluation and modelling for cost-effectiveness analysis, particularly from the perspective of a Bayesian statistical approach. Some relevant theory and introductory concepts are presented using practical examples and two running case...

Full description

Main Authors: Baio, Gianluca. (Author, http://id.loc.gov/vocabulary/relators/aut), Berardi, Andrea. (http://id.loc.gov/vocabulary/relators/aut), Heath, Anna. (http://id.loc.gov/vocabulary/relators/aut)
Corporate Author: SpringerLink (Online service)
Language:English
Published: Cham : Springer International Publishing : Imprint: Springer, 2017.
Edition:1st ed. 2017.
Series:Use R!,
Subjects:
Online Access:https://doi.org/10.1007/978-3-319-55718-2
LEADER 03957nam a22005895i 4500
001 978-3-319-55718-2
003 DE-He213
005 20210617103115.0
007 cr nn 008mamaa
008 170526s2017 gw | s |||| 0|eng d
020 |a 9783319557182  |9 978-3-319-55718-2 
024 7 |a 10.1007/978-3-319-55718-2  |2 doi 
050 4 |a QA276-280 
072 7 |a PBT  |2 bicssc 
072 7 |a MED090000  |2 bisacsh 
072 7 |a PBT  |2 thema 
072 7 |a MBNS  |2 thema 
082 0 4 |a 519.5  |2 23 
100 1 |a Baio, Gianluca.  |e author.  |4 aut  |4 http://id.loc.gov/vocabulary/relators/aut 
245 1 0 |a Bayesian Cost-Effectiveness Analysis with the R package BCEA  |h [electronic resource] /  |c by Gianluca Baio, Andrea Berardi, Anna Heath. 
250 |a 1st ed. 2017. 
264 1 |a Cham :  |b Springer International Publishing :  |b Imprint: Springer,  |c 2017. 
300 |a XVI, 168 p. 55 illus., 26 illus. in color.  |b online resource. 
336 |a text  |b txt  |2 rdacontent 
337 |a computer  |b c  |2 rdamedia 
338 |a online resource  |b cr  |2 rdacarrier 
347 |a text file  |b PDF  |2 rda 
490 1 |a Use R!,  |x 2197-5736 
505 0 |a Bayesian analysis in health economics -- Case studies -- BCEA — a R package for Bayesian cost-effectiveness analysis -- Probabilistic sensitivity analysis using BCEA -- BCEAweb: a user-friendly web-app to use BCEA. 
520 |a The book provides a description of the process of health economic evaluation and modelling for cost-effectiveness analysis, particularly from the perspective of a Bayesian statistical approach. Some relevant theory and introductory concepts are presented using practical examples and two running case studies. The book also describes in detail how to perform health economic evaluations using the R package BCEA (Bayesian Cost-Effectiveness Analysis). BCEA can be used to post-process the results of a Bayesian cost-effectiveness model and perform advanced analyses producing standardised and highly customisable outputs. It presents all the features of the package, including its many functions and their practical application, as well as its user-friendly web interface. The book is a valuable resource for statisticians and practitioners working in the field of health economics wanting to simplify and standardise their workflow, for example in the preparation of dossiers in support of marketing authorisation, or academic and scientific publications. 
650 0 |a Statistics . 
650 0 |a Health economics. 
650 0 |a Health informatics. 
650 0 |a Practice of medicine. 
650 1 4 |a Statistics for Life Sciences, Medicine, Health Sciences.  |0 https://scigraph.springernature.com/ontologies/product-market-codes/S17030 
650 2 4 |a Health Economics.  |0 https://scigraph.springernature.com/ontologies/product-market-codes/W35000 
650 2 4 |a Statistics and Computing/Statistics Programs.  |0 https://scigraph.springernature.com/ontologies/product-market-codes/S12008 
650 2 4 |a Health Informatics.  |0 https://scigraph.springernature.com/ontologies/product-market-codes/H28009 
650 2 4 |a Statistics for Business, Management, Economics, Finance, Insurance.  |0 https://scigraph.springernature.com/ontologies/product-market-codes/S17010 
650 2 4 |a Practice and Hospital Management.  |0 https://scigraph.springernature.com/ontologies/product-market-codes/H68000 
700 1 |a Berardi, Andrea.  |e author.  |4 aut  |4 http://id.loc.gov/vocabulary/relators/aut 
700 1 |a Heath, Anna.  |e author.  |4 aut  |4 http://id.loc.gov/vocabulary/relators/aut 
710 2 |a SpringerLink (Online service) 
773 0 |t Springer Nature eBook 
776 0 8 |i Printed edition:  |z 9783319557168 
776 0 8 |i Printed edition:  |z 9783319557175 
830 0 |a Use R!,  |x 2197-5736 
856 4 0 |u https://doi.org/10.1007/978-3-319-55718-2 
912 |a ZDB-2-SMA 
912 |a ZDB-2-SXMS 
950 |a Mathematics and Statistics (SpringerNature-11649) 
950 |a Mathematics and Statistics (R0) (SpringerNature-43713)